El aprovechamiento forestal y la vulnerabilidad ambiental /

Gardado en:
Detalles Bibliográficos
Autor Principal: Sandoval Corea, Rigoberto
Formato: Texto
Materias:
Etiquetas: Engadir etiqueta
Sen Etiquetas, Sexa o primeiro en etiquetar este rexistro!

MARC

LEADER 00000 a a2200000 04500
001 7201
003
040
100 |a Sandoval Corea, Rigoberto  
245 |a El aprovechamiento forestal y la vulnerabilidad ambiental /  |c Rigoberto Sandoval Corea 
650 |a DETERIORO AMBIENTAL  
650 |a PLANIFICACION AMBIENTAL  
650 |a DESASTERS NATURALES  
650 |a AMBIENTE RURAL  
650 |a MEDIO URBANO  
650 |a HONDURAS  
773 |g volumen 4, número 12; páginas16-21  
999 |c 22850  |d 22850